Olympique Lyonnais - Tous les joueurs de 2000 à 2010 - Statistiques

Statistiques générales
  • Ce quiz a été pris 43 fois
  • Le résultat moyen est 45 sur 99
Statistiques - réponses
Saisons Nationalité Joueur Nombre
De Matchs
Poste % Correct
2001 - 2009 Brésil Juninho 344 M
97%
1996 - 2008 France GrégoryCoupet 520 G
94%
2009 - 20172022 - 2025 France AlexandreLacazette 391 A
91%
2007 - 2008 Brésil Anderson 19 D
91%
2003 - 2013 France AnthonyRéveillère 400 D
91%
2004 - 2012 Brésil Cris 310 D
91%
1999 - 2003 Brésil SonnyAnderson 161 A
91%
2009 - 2013 Argentine LisandroLopez 168 A
88%
2003 - 2005 Ghana MichaelEssien 96 M
88%
2008 - 2012 France HugoLloris 202 G
85%
1999 - 2010 France SidneyGovou 410 A
85%
2004 - 2009 France KarimBenzema 148 A
82%
2006 - 2012 Suède KimKallstrom 283 M
82%
2006 - 2007 France AlouDiarra 24 M
79%
2000 - 2007 Brésil ClaudioCaçapa 173 D
79%
2002 - 2006 Mali MahamadouDiarra 170 M
79%
2009 - 2017 France MaximeGonalons 334 M
79%
2005 - 2009 Brésil Fred 125 A
76%
2002 - 20042005 - 2014 France RémyVercoutre 112 G
76%
2009 - 2014 France BafétimbiGomis 244 A
73%
2008 - 2011 Bosnie MiralemPjanic 121 M
73%
2003 - 2007 France FlorentMalouda 193 A
70%
2009 - 20132022 - 2024 Croatie DejanLovren 134 D
67%
2007 - 2009 Italie FabioGrosso 78 D
67%
2006 - 2011 France JérémyToulalan 210 M
67%
1997 - 20012012 - 2016 France SteedMalbranque 240 M
67%
2007 - 2011 Argentine CesarDelgado 101 A
64%
2004 - 2007 France EricAbidal 107 D
64%
2005 - 2010 France FrançoisClerc 114 D
64%
2005 - 2007 Norvège JohnCarew 53 A
64%
2009 - 2013 Brésil MichelBastos 142 M/A
64%
2004 - 2008 France HatemBen Arfa 92 M
61%
2004 - 2007 France SylvainWiltord 114 A
61%
2008 - 2012 Brésil Ederson 114 M
58%
2004 - 2005 Brésil Nilmar 46 A
58%
2000 - 20042005 - 2008 Suisse PatrickMuller 220 D
58%
2009 - 2012 France AlyCissokho 136 D
55%
2008 - 2011 Cameroun JeanMakoun 105 M
55%
1999 - 2002 France PierreLaigle 106 M
55%
2000 - 2004 Brésil Edmilson 157 M
52%
2001 - 2004 France EricCarrière 125 M
48%
2007 - 2010 France MathieuBodmer 91 D/M
48%
2006 - 2008 RépubliqueTchèque MilanBaros 33 A
48%
2007 - 2009 CoteD'Ivoire Abdul KaderKeita 72 A
45%
2009 - 2017 France ClémentGrenier 154 M
45%
1999 - 20012002 - 2003 France TonyVairelles 93 A
45%
2000 - 2002 Cameroun Marc - VivienFoé 67 M
42%
2001 - 2004 France PéguyLuyindula 126 A
42%
2006 - 2008 France SébastienSquillaci 87 D
39%
2005 - 2007 Portugal TiagoMendes 80 M
39%
1998 - 20012002 - 2004 France VikashDhorasoo 224 M
39%
2008 - 2009 Martinique FrédéricPiquionne 26 A
36%
2003 - 2005 Brésil GiovaneElber 43 A
36%
2007 - 2010 France Jean - AlainBoumsong 85 D
36%
1998 - 2003 France JérémieBréchet 170 D
36%
1997 - 2003 France PhilippeVioleau 269 M
36%
2004 - 2006 France Pierre - AlainFrau 51 A
36%
2000 - 2001 France SteveMarlet 56 A
36%
2005 - 2006 France BenoitPedretti 30 M
33%
1995 - 2002 Pologne JacebBak 155 D
33%
2006 - 2008 France LoicRémy 19 A
33%
2000 - 2004 Belgique EricDeflandre 126 D
30%
2002 - 20032004 - 2005 France FlorentBalmont 13 M
30%
2009 - 2012 Algérie IshakBelfodil 13 A
30%
2003 - 2007 France JérémyBerthod 99 D
30%
2008 - 20092011 - 2012 Ghana JohnMensah 18 D
30%
2004 - 2006 Sénégal LamineDiatta 47 D
30%
2007 - 2008 Algérie NadirBelhadj 12 D
30%
2007 - 2009 France AnthonyMounier 28 A
27%
1997 - 2004 France ChristopheDelmotte 222 D
27%
2003 - 2006 France JérémyClément 54 M
27%
2007 - 2008 Espagne MarcCrosas 11 M
27%
2002 - 2005 France NicolasPuydebois 17 G
27%
2005 - 2006 France SylvainMonsoreau 25 D
27%
2001 - 2005 France BryanBergougnoux 48 M
24%
2006 - 2009 Brésil FabioSantos 29 M
24%
2008 - 2010 Algérie YannisTafer 15 M/A
24%
2002 - 2003 Sénégal DembaTouré 2 A
21%
1993 - 2003 France FlorentLaville 268 D
21%
2001 - 2003 France FrédéricNée 38 A
18%
2000 - 2003 France Jean - MarcChanelet 83 D
18%
2008 - 2012 Sénégal LamineGassama 25 D
18%
1996 - 2002 France DavidLinares 207 M
15%
2003 - 2005 France JulienViale 16 A
15%
2002 - 2003 France LaurentMontoya 2 D
12%
2005 - 2006 France RomainBeynié 1 M
12%
2003 - 2004 France RomainSartre 4 D
12%
1998 - 2001 France Serge Blanc 46 D
12%
2004 - 2005 Tchad SylvainIdangar 1 A
12%
2003 - 2005 France YohannGomez 11 M
12%
2001 - 2003 France AlexandreHauw 6 M
9%
2004 - 2005 France JohannTruchet 1 D
9%
2007 - 2008 France SandyPaillot 2 D
9%
2008 - 2009 France SébastienFaure 1 D
9%
1999 - 2002 France AngeloHugues 4 G
6%
2008 - 2012 France Timothée Kolodziejczak 14 D
6%
2000 - 2001 France FredericRibeiro 1 D
3%
2006 - 2007 France GrégoryBettiol 4 A
3%
2000 - 2001 France PatriceLoko 8 A
3%
Aucun quiz correspondant
Distribution des résultats
% des personnes avec chaque résultat
Percentile par nombre de réponses
Votre historique - résultats
Vous n’avez pas pris ce quiz